[Event "CAN-ch U10 Girls"]
[Site "Vancouver"]
[Date "2012.07.05"]
[Round "6"]
[White "Birarov, Nicole"]
[Black "Millar, Sophia"]
[Result "1-0"]
[WhiteElo "1382"]
[BlackElo "636"]
[PlyCount "31"]
[EventDate "2012.07.03"]
[EventType "swiss"]
[EventRounds "7"]
[EventCountry "CAN"]
[SourceTitle "EXT 2022"]
[Source "ChessBase"]
[SourceDate "2021.10.06"]
[SourceVersion "1"]
[SourceVersionDate "2021.10.06"]
[SourceQuality "1"]

1. d4 d5 2. Nf3 Nc6 3. c4 dxc4 4. e4 Bg4 5. d5 Nd4 6. Qxd4 e6 7. e5 Qxd5 8. Bxc4 Qa5+ 9. Bd2 Qa4 10. Qxg4 0-0-0 11. 0-0 Qc2 12. Bc3 Rd1 13. Na3 Bxa3 14. Raxd1 Nh6 15. Qd4 Rd8 16. Qxd8# 1-0

[Event "Guelph Winter Pro-Am U1600"]
[Site "Guelph"]
[Date "2012.02.11"]
[Round "3"]
[White "Birarov, Nicole"]
[Black "Lin, Benjamin1111"]
[Result "1-0"]
[WhiteElo "1131"]
[BlackElo "1278"]
[PlyCount "29"]
[EventDate "2012.02.10"]
[EventType "swiss"]
[EventRounds "5"]
[EventCountry "CAN"]
[SourceTitle "EXT 2022"]
[Source "ChessBase"]
[SourceDate "2021.10.06"]
[SourceVersion "1"]
[SourceVersionDate "2021.10.06"]
[SourceQuality "1"]

1. d4 d5 2. Nf3 Nf6 3. e3 Bf5 4. c4 e6 5. Qb3 Qc8 6. Nc3 c6 7. Ne5 Nbd7 8. cxd5 exd5 9. Ne2 Nxe5 10. dxe5 Ne4 11. Nd4 Bc5 12. Nxf5 Qxf5 13. f3 Ng5 14. Qxb7 0-0 15. Qxc6 1-0